Preparándose: para vivamos unidos 1 y nuestro mundo 1 aprestamiento para ciencias histórico-sociales y ciencias naturales
Salvato in:
| Ente Autore: | |
|---|---|
| Natura: | Libro |
| Lingua: | spagnolo |
| Pubblicazione: |
Pucallpa
Instituto Lingüístico de Verano
1987
|
| Soggetti: | |
| Tags: |
Aggiungi Tag
Nessun Tag, puoi essere il primo ad aggiungerne!!
|
MARC
| LEADER | 00000nam a2200000 a 4500 | ||
|---|---|---|---|
| 001 | UCN5928 | ||
| 003 | CL-VaPUC | ||
| 008 | 010913e19870000pe |||||||||||||||||spa|d | ||
| 082 | 0 | 4 | |a 372.981 |b MIN |2 21 |
| 110 | 2 | |a Ministerio de Educación |e author |9 461638 | |
| 245 | 1 | 0 | |a Preparándose: para vivamos unidos 1 y nuestro mundo 1 aprestamiento para ciencias histórico-sociales y ciencias naturales |
| 300 | |a 80 p | ||
| 942 | |c BK | ||
| 945 | |d 20010913 00:00:00 |a rbrito | ||
| 260 | |a Pucallpa |b Instituto Lingüístico de Verano |c 1987 | ||
| 650 | 0 | |a Enseñanza de la historia |9 307330 | |
| 650 | 0 | |a Enseñanza de las ciencias |9 331919 | |
| 650 | 0 | |a Bilingüismo |9 307482 | |
| 650 | 0 | |a Etnografía |9 309735 | |
| 651 | 0 | |a Perú |9 256567 | |
| 583 | |a last modification |c 20171218 12:11:22 |k Rodrigo Vera | ||
| 999 | |c 297030 |d 297028 | ||
| 952 | |0 0 |1 0 |4 0 |6 372_981000000000000_MIN_1987 |7 0 |8 A |9 351410 |a FDOPOS |b FDOPOS |d 2019-11-21 |i 3708047 |o 372.981 MIN 1987 |p 3708047 |r 2025-01-22 |w 2019-11-21 |y BK |k MLA | ||